[Event "Bundesliga 0506"]
[Site "Germany"]
[Date "2005.12.11"]
[Round "6.1"]
[White "Anand, Viswanathan"]
[Black "Landa, Konstantin"]
[Result "1-0"]
[WhiteElo "2788"]
[BlackElo "2600"]
[Annotator "Postny,E"]
[PlyCount "123"]
[EventDate "2005.10.21"]
[EventType "team-tourn"]
[EventRounds "15"]
[EventCountry "GER"]
[SourceTitle "CBM 111"]
[Source "ChessBase"]
[SourceDate "2006.04.04"]
[SourceVersion "1"]
[SourceVersionDate "2006.04.04"]
[SourceQuality "1"]
[WhiteTeam "Baden-Baden"]
[BlackTeam "Muelheim Nord"]
[WhiteTeamCountry "GER"]
[BlackTeamCountry "GER"]

1. e4 e5 2. Nf3 Nc6 3. Bb5 Nf6 4. O-O Nxe4 5. d4 Nd6 6. Bxc6 dxc6 7. dxe5 Nf5
8. Qxd8+ Kxd8 9. Nc3 Ne7 10. Rd1+ {With this check white does not allow the
black king to hide on the queenside by Bc8-d7 and Kd8-c8. On the other hand,
white limits his options as well, since white's rooks are usually placed on e1
and d1.} Ke8 11. h3 h6 12. Be3 {In Berlin defense white always has a problem
to solve about where to develop his bishop. Anand decided not to go for a more
common b2-b3.} ({Appeared in practice as well:} 12. Ne2) ({and} 12. Nd4) 12...
Ng6 (12... Bf5 13. Rd2 Rd8 14. Rad1 Rxd2 15. Rxd2 Ng6 16. a3 Be7 17. Nd4 Bd7
18. f4 h5 19. Ne4 h4 20. Kf2 f5 21. Nc3 Nf8 $11 {0-1 Fontaine,R (2525)-Komarov,
D (2565)/playchess.com INT 2004/CBM 099 ext (52)}) 13. a3 {Restricting the
possibilities of black's dark-squared bishop.} Be7 14. Rd2 {Anand already
played this position recently, being on the black side and defending
successfully.} h5 $1 $146 {A good move. Even with a waste of tempi it's
recommended for black to fix white's kingside pawns and prepare the
development of kingside rook via h5.} (14... a6 15. Re1 Nh4 16. Nxh4 Bxh4 17.
Ne2 Be7 18. Nf4 h5 19. e6 Bd6 20. e7 Kxe7 21. c4 Bxf4 22. Bxf4+ Be6 23. Bg5+
Kf8 24. b3 Kg8 {1/2-1/2 Kramnik,V (2754)-Anand,V (2786)/Monte Carlo 2005/CBM
105 ext}) (14... a5 15. Rad1 a4 16. Ne4 Ra5 17. Nd6+ cxd6 18. exd6 f6 19. dxe7
Kxe7 20. Rd4 Kf7 21. Nd2 Rd5 22. Rxd5 cxd5 23. Nf3 $14 {1/2-1/2 Lanka,Z (2465)
-Berzinsh,R (2445)/Germany 2004/CBM 100 ext (37)}) 15. Re1 h4 $1 {Fixing
white's kingside and preparing the development of the rook via h5.} 16. Ne4 Be6
17. Bg5 (17. Nd4 Nxe5 (17... Bd5 18. Nb5 Rc8 (18... cxb5 19. Rxd5 c6 20. Nd6+
Kf8 21. Rdd1 Nxe5 22. Nxb7 $16) 19. Nec3 Be6 20. Nd4 Nxe5 21. Nxe6 fxe6 22. Bd4
Nc4 23. Rde2 Kf7 24. Rxe6 $14) 18. Nxe6 fxe6 19. Bf4 Nc4 20. Rd4 b5 (20... Nxb2
21. Ng5 Rd8 22. Rxd8+ Bxd8 23. Nxe6 Nc4 24. Nc5+ Kf7 25. Nxb7 Nxa3 $11) 21. Ng5
$16) (17. Bc5 Rh5 18. Bxe7 Kxe7 {leads to identical position as in the game.})
17... Rh5 $1 18. Bxe7 Kxe7 19. Neg5 {Obviously, it's highly recommended for
white to exchange black's strong bishop. On the other hand, black does not
experience any problems with his king anymore. The position is equal.} a5 (
19... Bd5 20. e6 $1 f6 21. c4 Bxc4 22. Rd7+ Kf8 23. Rxc7 $1 fxg5 $140 24. e7+
Ke8 25. Nd4 {[%cal Gd4f5]} g4 26. hxg4 Rg5 27. Nf5 Rxf5 28. gxf5 Nf4 29. Re4
Nd5 30. Rxb7 Ba6 31. Rb3 $16) 20. Rd4 c5 21. Rd3 Ra6 {Landa managed to develop
both rooks in an unusual way.} 22. Nxe6 Rxe6 23. Rde3 Rb6 $6 (23... a4 $1 {
Fixing white's queenside.} 24. Re4 Rb6 25. Rb1 Ke6 26. Rxa4 Nxe5 27. Nxe5 Rxe5
28. Rxh4 Re2 29. Rc4 Kd5 30. b3 Rf6 {with sufficient compensation.}) 24. b3 Nf8
(24... a4 {Now it's worse than on the previous move.} 25. bxa4 Ra6 26. Re4 {
Black does not get sufficient compensation for the pawn.}) 25. Re4 {[%csl Rh4]}
g5 $6 {After this move the rook on h5 looks miserable.} ({I think, it was
better to admit the mistake and come back with the knight:} 25... Ng6 $14) 26.
Rg4 {[%csl Rg5]} Rg6 27. Nd2 {The knight goes for a long route, which will
cause disharmony in black's forces.} Ne6 28. Nc4 b6 29. Ne3 Rh8 30. Nf5+ (30.
Nd5+ {looks also good, but Anand's choice is more accurate since the knight
from f5 covers an important d4 square.}) 30... Ke8 31. Rd1 f6 {The only way to
realive black's passive rooks.} 32. Re4 Rh7 33. exf6 Rxf6 34. Ne3 Rd7 35. Re1 {
Correctly avoiding the exchange of rooks.} Rd6 36. Nc4 Rc6 37. a4 $1 {Fixing
the queenside. All black's pieces are passive, but it's not so easy to make
progress for white as well.} Kd8 38. Re5 Kc8 (38... Nd4 $4 39. Re8+ Kd7 40.
R1e7#) 39. c3 {Covering d4 square.} Kb7 40. g3 {White is going to organize a
passed pawn on the kingside.} hxg3 41. fxg3 Rg6 {Preventing h3-h4 for a while.}
42. Kg2 $6 ({An immediate} 42. Rf1 {would have been much more precise.}) 42...
Ng7 43. Rf1 (43. R1e4 Rcf6 $1 (43... Nh5 44. Rg4 Nf6 45. Rgxg5 Rxg5 46. Rxg5
Ne4 47. Re5 Nxc3 48. h4 $18 {[%csl Gg3,Gh4]}) 44. Rg4 $6 (44. Rd5 Rf8 45. Ne3
$16) 44... Nf5 45. Nd2 Rf8 46. Nf3 Rgf6 47. Rxg5 Nd4 $1 48. cxd4 (48. Nxd4 $4
Rf2+ 49. Kh1 Rf1+ 50. Kh2 R8f2#) 48... Rxf3 49. h4 cxd4 $132) (43. Rd5 $5)
43... Rce6 44. Rf7 Rxe5 45. Nxe5 Re6 {Black got reasonable drawing chances,
since his rook is now active.} 46. Nc4 Ne8 47. Rf5 Re2+ 48. Rf2 Re1 (48...
Rxf2+ $2 49. Kxf2 $18 {[%csl Gh3][%cal Gh3h4]}) 49. h4 gxh4 50. gxh4 Re4 (50...
Nd6 {Black should strive to a rooks endgame!} 51. Nxd6+ cxd6 52. h5 Re5 53. h6
Rh5 54. Rf7+ Kc6 55. h7 d5 56. Kf3 d4 57. cxd4 (57. c4 Kd6 58. Kg4 Rh1 $11)
57... cxd4 58. Kg4 Rh1 $11) 51. Kh3 Kc6 $2 {After this move black's position
seems to be beyond saving. It was the last chance to play 51...Nd6.} (51... Nd6
52. Nxd6+ cxd6 53. h5 c4 54. bxc4 Rxc4 55. h6 Rxc3+ 56. Kg4 b5 57. h7 Rc8 58.
Rh2 (58. Rb2 b4 59. Rh2 Rh8 60. Kg5 Kc6 61. Kg6 Kc5 {with sufficient
counterplay.}) 58... Rh8 59. Kg5 bxa4 60. Kg6 Kc6 61. Kg7 Rd8 62. h8=Q Rxh8 63.
Rxh8 Kb5 64. Kf6 a3 $11) 52. h5 Kd5 53. h6 Re6 54. Rf5+ Ke4 {[%tqu "En","How
should White continue?","","","f5e5","With this small tactics Anand transforms
the game to an easily won knights endgame.",10]} 55. Re5+ $1 {With this small
tactics Anand transforms the game to an easily won knights endgame.} Rxe5 56.
Nxe5 Nf6 57. Nd7 $1 Nh7 (57... Kf5 58. Nxf6 Kxf6 59. c4 Kg6 60. Kg4 $18) 58.
Kg4 c4 {The last desperate attempt.} (58... b5 59. axb5 c4 60. bxc4 a4 61. Nc5+
$18) 59. bxc4 Kd3 60. Kf5 Kxc4 61. Kg6 b5 62. axb5 (62. axb5 a4 63. b6 cxb6 64.
Nxb6+ Kb5 65. Nxa4 $18) 1-0

[Event "Bundesliga 0506"]
[Site "Germany"]
[Date "2006.02.18"]
[Round "10.1"]
[White "Anand, Viswanathan"]
[Black "McShane, Luke J"]
[Result "1/2-1/2"]
[WhiteElo "2788"]
[BlackElo "2605"]
[Annotator "Postny,E"]
[PlyCount "140"]
[EventDate "2005.10.21"]
[EventType "team-tourn"]
[EventRounds "15"]
[EventCountry "GER"]
[SourceTitle "CBM 112"]
[Source "ChessBase"]
[SourceDate "2006.06.07"]
[SourceVersion "1"]
[SourceVersionDate "2006.06.07"]
[SourceQuality "1"]
[WhiteTeam "Baden-Baden"]
[BlackTeam "Werder Bremen"]
[WhiteTeamCountry "GER"]
[BlackTeamCountry "GER"]

1. e4 e5 2. Nf3 Nc6 3. Bb5 Nf6 4. O-O Nxe4 5. d4 Nd6 6. Bxc6 dxc6 7. dxe5 Nf5
8. Qxd8+ Kxd8 9. Nc3 Ne7 {This knight manouevre became very fashionable.} 10.
h3 Bf5 {A rare and somewhat risky move. Black attacks the Pc2 and intends to
hide his king on a safe queenside. On the other hand, black's bishop might
become a target for whhite's pawns and knights.} ({More often seen in practice:
} 10... Ng6) ({and} 10... Ke8) 11. Rd1+ (11. g4 $5 {This pawn sacrifice is
definitely a deserving alternative. At a price of a pawn white wins several
tempoes for advancing his pawn majority on the kingside.} Bxc2 12. Nd4 Bg6 13.
f4 c5 14. Nf3 $1 f5 15. Nh4 $1 $44 {1-0 Parligras,M (2560)-Aleksandrov,A (2635)
/Warsaw 2005/CBM 108_01/[Postny,E] (44)}) 11... Kc8 12. Nd4 (12. Rd2 h6 13. b3
b6 14. Bb2 Kb7 15. Rad1 Ng6 16. Ne2 a5 17. Ng3 Be6 18. Nh5 c5 19. a4 Rg8 20. c4
Be7 21. g4 Rae8 22. Kg2 Nf8 23. Ng1 g6 24. Nf6 Bxf6 25. exf6 g5 $132 {1/2-1/2
Ehlvest,J (2631)-Mitkov,N (2539)/Mallorca 2004/CBM 104 (48)}) 12... Bg6 13. Bf4
(13. Bg5 c5 14. Ndb5 a6 15. Nd6+ cxd6 16. exd6 f6 $1 17. dxe7 Bxe7 18. Nd5 Bd8
19. Be3 b6 $11 {1/2-1/2 Izoria,Z (2652)-Sorokin,M (2560)/Moscow 2006/CBM
112_01 (26)}) 13... b6 $6 ({The critical continuation is} 13... c5 14. Nf3 ({
Does not work:} 14. Ndb5 $6 a6 15. Nxc7 (15. Nd6+ cxd6 16. exd6 Nc6 17. Na4 Kd8
) 15... Kxc7 16. e6+ Kb6) 14... Bxc2 $6 (14... Nc6 $142) 15. Rd2 Bg6 16. Rad1
Nc6 17. e6 fxe6 18. Ne5 Nd4 19. Nxg6 hxg6 20. Nb5 $1 $16) 14. e6 $1 Kb7 15. Re1
{Now white is threatening to take on f7 followed by Nd4-e6.} (15. exf7 $6 Bxf7
16. Re1 Nd5 $11) 15... f6 (15... Rd8 $2 16. Rad1 c5 17. Ndb5 Rxd1 18. Rxd1 fxe6
19. Rd7 $18) 16. Rad1 Rc8 17. Rd2 {Black's position looks totally cramped, but
in fact, white does not have any decisive manoeuvre.} h5 18. Bh2 {Anand moves
his bishop away before black plays g7-g5 with tempo.} (18. Nf3 Be8 {[%cal
Gg7g5]}) 18... h4 19. Nf3 Be8 $1 20. Rd4 $6 {This move is actually a waste of
time. The rook on d4 is vulnerable, while black ws intending to play g7-g5
anyway.} (20. Ne4 {was more to the point preventing from black to play g7-g5
developing the kingside pieces.} {Probably Anand was concerned about} Rh5 {
but, I think that after} 21. c4 {white keeps a stable advantage.}) 20... g5 21.
Ne4 Rh6 22. Rdd1 Nf5 {Black's pieces are coming out one after another. White's
advantage is not so obvious anymore.} 23. Nd4 Nxd4 24. Rxd4 Be7 25. f4 {
Breaking black's pawns chain.} gxf4 26. Bxf4 Rg6 27. Rd2 Rg7 28. Kh1 Rd8 $2 (
28... c5 $14) 29. Rxd8 Bxd8 30. Bd6 $1 {I guess that this small tactics was
overlooked by McShane. Suddenly, white's "e" pawn become a mobile passer.} (30.
g4 hxg3 31. Nxg3 Bg6 $132) 30... f5 31. e7 $1 (31. Bf8 Rh7 32. Nd2 Bf6 33. c3
c5 34. Nf3 Kc6 {is not clear at all.}) (31. Nc5+ bxc5 32. e7 Kc8 33. Bxc5 a6
$14) 31... Bxe7 32. Bxe7 fxe4 33. Bxh4 (33. Rxe4 $2 Bg6 34. Re2 Rh7) 33... Bg6
{Objectively, white's position is winning thanks to the connected passed pawns.
But, from now on, Anand starts a long series of mistakes which caused a total
turnover.} 34. c3 $6 (34. Kh2 Rf7 35. g4 Rf3 36. Kg2 $18) 34... Rf7 35. Kg1 $6
(35. Kh2 $18 {[%cal Gg2g4]}) 35... c5 36. Bg5 $6 (36. g4 $2 Rh7 {[%cal Gh7h3]})
({Again} 36. Kh2) 36... Kc6 37. Be3 Kb5 38. Rd1 $2 {After this move the
initiative finally goes to McShane's side.} (38. g4 Rf3 39. Kg2 Kc4 40. h4 Kd3
41. h5 Bf7 42. h6 Bg6 43. Bg5 {[%cal Ge1d1,Gd1d7] was still clearly in white's
favour.}) 38... Kc4 39. Kh2 a5 40. Kg3 a4 41. a3 Bh5 42. Rd2 Rf1 43. Kh4 Re1
44. Bf4 Be8 45. Bg3 Rb1 46. Bf4 Kb3 {In the last 10 moves white didn't make
any step forward, while black is already triumphing on the queeenside.} 47. g4
Rxb2 48. Rd8 Bb5 49. Kg5 Rg2 50. c4 Bxc4 51. Bxc7 b5 52. Bb6 Kxa3 53. Bxc5+ Kb3
{The position looks completely lost for white, but luck goes with the
strongest!} 54. Re8 a3 55. Rxe4 a2 56. Bd4 Rg1 57. h4 a1=Q 58. Bxa1 Rxa1 59. h5
Rh1 60. Kh6 Kc3 61. Re3+ $1 Kd2 ({A nice escape could arise after} 61... Bd3
62. g5 b4 63. g6 b3 64. g7 Rg1 {[%tqu "En","White can resign or...","","",
"e3g3","",10]} 65. Rg3 $3 Rxg3 66. g8=Q $1 Rxg8 {stalemate!}) 62. Re7 Be2 63.
Re4 Kd3 64. Rf4 Kc3 65. Re4 Bd1 66. Kg7 b4 (66... Bxg4 $2 67. h6 (67. Rxg4 $2
Rxh5 $19) 67... Bf5 68. Re5 Bd3 69. Rxb5 Bxb5 70. h7 $11) 67. h6 b3 $4 {
This blunder appears to be rather crucial for the whole Bundesliga season. If
McShane would have won this, then his team Werder Bremen would have won the
match against his main rival for the title - Baden Oos...} (67... Bc2 68. Re6
Rg1 {was winning rather easily.}) 68. Re3+ Kd4 69. Rxb3 Bxb3 70. h7 Rxh7+
1/2-1/2

[Event "Venaco op"]
[Site "Venaco"]
[Date "2005.10.28"]
[Round "1"]
[White "Battesti, Marc Andria"]
[Black "Anand, Viswanathan"]
[Result "0-1"]
[WhiteElo "1964"]
[BlackElo "2788"]
[PlyCount "42"]
[EventDate "2005.10.28"]
[EventType "swiss (rapid)"]
[EventRounds "9"]
[EventCountry "FRA"]
[SourceTitle "EXT 2006"]
[Source "ChessBase"]
[SourceDate "2005.11.24"]
[SourceVersion "1"]
[SourceVersionDate "2005.11.24"]
[SourceQuality "1"]

1. e4 c5 2. Nf3 d6 3. d4 cxd4 4. Nxd4 Nf6 5. Nc3 a6 6. f4 Nbd7 7. Bc4 g6 8. Be3
Bg7 9. h3 O-O 10. Qd2 Qc7 11. Bd3 b5 12. f5 Bb7 13. fxg6 hxg6 14. Bh6 Bxh6 15.
Qxh6 Qc5 16. Ne6 fxe6 17. Qxg6+ Kh8 18. Qh6+ Nh7 19. e5 d5 20. Nb1 Rf1+ 21.
Bxf1 Bc8 0-1

[Event "Venaco op"]
[Site "Venaco"]
[Date "2005.10.29"]
[Round "9"]
[White "Kogan, Artur"]
[Black "Anand, Viswanathan"]
[Result "0-1"]
[WhiteElo "2580"]
[BlackElo "2788"]
[PlyCount "110"]
[EventDate "2005.10.28"]
[EventType "swiss (rapid)"]
[EventRounds "9"]
[EventCountry "FRA"]
[SourceTitle "EXT 2006"]
[Source "ChessBase"]
[SourceDate "2005.11.24"]
[SourceVersion "1"]
[SourceVersionDate "2005.11.24"]
[SourceQuality "1"]

1. d4 Nf6 2. Nf3 g6 3. Nc3 d5 4. Bf4 Bg7 5. Qd2 O-O 6. Bh6 Nc6 7. Bxg7 Kxg7 8.
Ne5 Bf5 9. e3 Qd6 10. Nb5 Qb4 11. c3 Qa5 12. Bd3 Ne4 13. Qc2 Nxe5 14. dxe5 Nxf2
15. Kxf2 Qxb5 16. Bxf5 gxf5 17. a4 Qd7 18. Rhf1 e6 19. Kg1 Kh8 20. Rad1 Rg8 21.
e4 fxe4 22. Qxe4 Rg7 23. Qh4 Rag8 24. Rd2 Rg4 25. Qf6+ R8g7 26. a5 Kg8 27. h3
R4g5 28. c4 c6 29. cxd5 cxd5 30. Rc2 R7g6 31. Qf4 Rf5 32. Qc1 Rxf1+ 33. Qxf1
Kg7 34. Qc1 Qb5 35. Qd2 b6 36. a6 Qxa6 37. Rc7 Qa1+ 38. Kh2 Qf1 39. Rxa7 Qf5
40. Qe3 Rg5 41. Rb7 Qxe5+ 42. Qxe5+ Rxe5 43. Rxb6 Re3 44. Kg1 Re2 45. Kf1 Rc2
46. Rb3 h5 47. Rg3+ Kf6 48. Rf3+ Ke7 49. b3 f5 50. g3 Kf6 51. g4 h4 52. gxf5 e5
53. Ke1 d4 54. Kd1 Rg2 55. Kc1 Rg3 0-1

[Event "Corsica Masters rap 09th"]
[Site "Bastia"]
[Date "2005.11.04"]
[Round "2.1"]
[White "Anand, Viswanathan"]
[Black "Gurevich, Mikhail"]
[Result "1-0"]
[WhiteElo "2788"]
[BlackElo "2652"]
[Annotator "Gurevich,M"]
[PlyCount "41"]
[EventDate "2005.11.03"]
[EventType "k.o. (rapid)"]
[EventRounds "4"]
[EventCountry "FRA"]
[SourceTitle "EXT 2006"]
[Source "ChessBase"]
[SourceDate "2005.11.24"]
[SourceVersion "1"]
[SourceVersionDate "2005.11.24"]
[SourceQuality "1"]

1. e4 d6 2. d4 Nf6 3. f3 g6 4. Be3 c6 (4... Bg7 5. Qd2 Nc6 6. Nc3 e5 7. d5 Nd4
8. Nge2 Nxe2 9. Bxe2 O-O 10. g4 c5 11. dxc6 bxc6 12. O-O-O d5 13. exd5 Qa5 14.
dxc6 Be6 15. g5 Rfd8 16. Qe1 Nd5 17. Nxd5 Qxa2 18. c4 $18 {1-0 Anand,
V-Gurevich,M/Venaco FRA 2005/The Week in Chess 576 (41)}) 5. Qd2 Nbd7 6. c4 a6
7. a4 (7. Nc3 b5 8. a4 bxc4 9. Bxc4 Bg7 10. a5 O-O 11. Nge2 Bb7 12. O-O d5 13.
Ba2 e5 14. dxe5 Nxe5 15. Bc5 Re8 16. Bb6 Qe7 17. f4 Ned7 18. e5 Ng4 19. h3 Nxb6
20. hxg4 Nd7 $132 {0-1 Kovacs,L-Ftacnik,L/Zalaegerszeg 1979/EXT 2002 (47)})
7... a5 8. Nc3 e5 9. d5 Nc5 10. Ra3 Bg7 11. Nge2 O-O 12. g4 (12. Nc1 cxd5 13.
cxd5 Nh5 14. Nd3 b6 15. Nxc5 bxc5 16. Bb5 f5 $132 {0-1 Arakelyan,A-Harutjunyan,
G/Yerevan 2004/CBM 103 ext (37)}) (12. g4 {Diagram}) 12... Bxg4 $5 13. fxg4
Nxg4 {[/\14...Qh4,14...Nxe3]} (13... Nfxe4 14. Qd1 $1 Qh4+ 15. Ng3 Nxg3 16. Bf2
$14) 14. Bxc5 (14. h4 Nxe3 15. Qxe3 h5 $5 $44 {/\16...Kh7,17...Bh6 Anand,V}) (
14. Bg5 f6 $44 15. Bh4 $2 Bh6 16. Qc2 Ne3 $19) 14... Qh4+ 15. Ng3 dxc5 {
[/\16...Bh6;f7-f5-f4<=>]} 16. Qg2 $5 (16. Bg2 Bh6 17. Qe2 Bf4 $132 (17... f5
18. exf5 gxf5 $44)) 16... f5 17. exf5 (17. Qh3 Qg5 18. Nd1 h5 19. exf5 e4 $132)
17... e4 $5 (17... gxf5 18. dxc6 e4 19. cxb7 Rab8 $13) 18. Ncxe4 Rae8 $44 19.
fxg6 (19. Be2 cxd5 20. cxd5 gxf5 $132) 19... Rf2 $1 20. Qh3 Rxe4+ $4 $138 (
20... Qg5 $1 $11 {(/\21...Qc1;21...Qd2)} 21. Qxh7+ (21. Kd1 Ne3+ 22. Ke1 (22.
Kc1 Nxc4+ $19) (22. Rxe3 Qxe3 23. Qxh7+ Kf8 $19) 22... Ng4 $11) 21... Kf8 22.
Kd1 Ne3+ 23. Ke1 Ng4 $11) 21. Nxe4 1-0

[Event "Corus"]
[Site "Wijk aan Zee"]
[Date "2006.01.14"]
[Round "1"]
[White "Karjakin, Sergey"]
[Black "Anand, Viswanathan"]
[Result "0-1"]
[WhiteElo "2660"]
[BlackElo "2792"]
[Annotator "Ftacnik,L"]
[PlyCount "74"]
[EventDate "2006.01.14"]
[EventType "tourn"]
[EventRounds "13"]
[EventCountry "NED"]
[EventCategory "19"]
[SourceTitle "CBM 111"]
[Source "ChessBase"]
[SourceDate "2006.04.04"]
[SourceVersion "1"]
[SourceVersionDate "2006.04.04"]
[SourceQuality "1"]

1. e4 c5 2. Nf3 d6 3. d4 cxd4 4. Nxd4 Nf6 5. Nc3 a6 6. Be3 e5 7. Nb3 Be6 8. f3
Be7 9. Qd2 O-O 10. O-O-O Nbd7 11. g4 b5 12. g5 b4 13. Ne2 Ne8 14. f4 a5 15. f5
a4 16. Nbd4 exd4 17. Nxd4 b3 18. Kb1 {White is surely looking left and right
in this line, since the fight for any advantage is pretty elusive and black is
doing fine.} (18. cxb3 axb3 19. a3 Rc8+ 20. Kb1 Bc4 21. f6 Nexf6 22. gxf6 Bxf6
23. Bxc4 Rxc4 24. Nxb3 Rxe4 25. Bd4 Ne5 {1/2-1/2 Borriss,M (2442)-Gallagher,J 
(2540)/Germany 2003 (39)}) 18... bxc2+ 19. Nxc2 Bb3 20. axb3 axb3 21. Na3 Ne5
22. h4 Ra5 (22... Qb8 23. Rh3 Ra4 24. Bd4 {1/2-1/2 Vorobiov,E (2529)
-Magalashvili,D (2423)/Moscow 2005}) 23. Qc3 $6 {Interesting novelty, but
Karjakin unfortunatelly played Anand. The former FIDE world champion will find
a way to refute the new concept.} (23. Qe2 d5 24. Rxd5 Rxd5 25. exd5 Bxa3 26.
bxa3 Nd6 27. Bc5 Re8 {1/2-1/2 Leko,P (2749)-Vallejo Pons,F (2686)/Monte Carlo
2005 (67)}) (23. Qb4 Qa8 24. Bb6 Ra4 25. Qxb3 Qxe4+ 26. Nc2 Ra8 27. Qd5 Qxd5
28. Rxd5 {1/2-1/2 Najer,E (2652)-Popov,V (2592)/Moscow 2006 (42)}) 23... Qa8
24. Bg2 (24. Be2 Qxe4+ 25. Ka1 Ra8 $17) 24... Nc7 $3 {[%mdl 128] A real
thunder from the blue, black insists on coming first with his attack.} 25. Qxc7
(25. Bd2 Ra7 26. Rh3 Rb8 $19) (25. Bb6 Rxa3 26. bxa3 Nb5 27. Qxb3 Nxa3+ $19)
25... Rc8 26. Qxe7 (26. Qb6 Nc4 27. Qxb3 Nxa3+ 28. bxa3 Rxa3 29. Qb2 Rb8 30.
Bb6 Ra6 31. e5 Ra1+ 32. Qxa1 Rxb6+ 33. Kc2 Qxg2+ 34. Kc3 dxe5 $19) 26... Nc4 $1
{Excellent position that explains the reason the black's success. Karjakin is
simply lacking the defenders of his king.} 27. g6 (27. Bd4 Rxa3 (27... Qc6 28.
Nxc4 Qxc4 29. Bc3 Rca8 30. Kc1 Qe2 $19) 28. bxa3 Nxa3+ 29. Kb2 Nc4+ 30. Kc3
Qa5+ 31. Kd3 Qa2 32. Bc5 Qc2+ 33. Kd4 Qf2+ 34. Kc3 Qxc5 $19) (27. Bc1 Qc6 $19)
(27. Bc5 $5 Rxa3 (27... Nxa3+ 28. bxa3 Rxa3 29. Qxd6 Ra1+ 30. Kb2 Ra2+ 31. Kb1
Rxg2 32. Ba7 Re8 33. Qd7 Ra2 34. g6 Qxe4+ 35. Qd3 Qxd3+ 36. Rxd3 Rxa7 37. Rxb3
$15) 28. bxa3 Nxa3+ 29. Kc1 (29. Kb2 Rxc5 $19) 29... Rxc5+ (29... Qa5 30. Rxd6
b2+ 31. Kxb2 Nc4+ 32. Kc1 Nxd6 33. Qxd6 Rxc5+ 34. Kd1 Qa1+ $15) 30. Kd2 Rc2+
31. Ke1 b2 32. g6 f6 $17) 27... hxg6 28. fxg6 Nxa3+ (28... Rxa3 29. Qxf7+ (29.
bxa3 Nxa3+ 30. Kb2 Rc2+ 31. Kxb3 Qb8+ 32. Kxa3 Qb2+ 33. Ka4 Rc4+ $19) 29... Kh8
30. bxa3 Nxa3+ 31. Kb2 Nc4+ 32. Kc3 Ne5+ 33. Kd2 Qa2+ 34. Ke1 Qxg2 $19) 29.
bxa3 Rxa3 30. gxf7+ (30. Qxf7+ Kh8 31. Bd4 Ra1+ 32. Bxa1 Qa2#) 30... Kh7 31.
f8=N+ {White has to play moves worthy of a true wizzard, but his position
remains hopeless.} Rxf8 32. Qxf8 Ra1+ 33. Kb2 Ra2+ 34. Kc3 (34. Kxb3 Qa4+ 35.
Kc3 Rc2+ 36. Kd3 Qc4#) 34... Qa5+ 35. Kd3 Qb5+ 36. Kd4 (36. Kc3 Rc2+ 37. Kd4
Qc4#) 36... Ra4+ 37. Kc3 Qc4+ (37... Qc4+ 38. Kd2 Ra2+ 39. Ke1 Qe2#) 0-1